Central Library OPAC University of Rajshahi

Operations research / (Record no. 52978)

MARC details
000 -LEADER
fixed length control field 00671nam a2200241 a 4500
001 - CONTROL NUMBER
control field 52978
003 - CONTROL NUMBER IDENTIFIER
rucl marc code BD-RjUL
005 - DATE AND TIME OF LATEST TRANSACTION
control field 20211209075905.0
008 - FIXED-LENGTH DATA ELEMENTS--GENERAL INFORMATION
fixed length control field 161002s2007 enk||||| |||| 001 0 eng d
020 ## - INTERNATIONAL STANDARD BOOK NUMBER
International Standard Book Number 8122420699
035 ## - SYSTEM CONTROL NUMBER
System control number (BD-RjUL) 53098
040 ## - CATALOGING SOURCE
Original cataloging agency BD-RjUL
Language of cataloging eng
Transcribing agency BD-RjUL
Modifying agency BD-RjUL
041 ## - LANGUAGE CODE
Language code of text/sound track or separate title eng
082 ## - DEWEY DECIMAL CLASSIFICATION NUMBER
Edition number 23
Classification number 519.72
Author mark and year MUO 2007
100 ## - MAIN ENTRY--PERSONAL NAME
Personal name Murthy, P Rama
9 (RLIN) 158356
245 10 - TITLE STATEMENT
Title Operations research /
Statement of responsibility, etc. P Rama Murthy
250 ## - EDITION STATEMENT
Edition statement 2nd ed.
260 ## - PUBLICATION, DISTRIBUTION, ETC. (IMPRINT)
Place of publication, distribution, etc. New Delhi :
Name of publisher, distributor, etc. New Age International,
Date of publication, distribution, etc. ©2007.
300 ## - PHYSICAL DESCRIPTION
Pagination 705 p. ;
Size 24 cm.
500 ## - GENERAL NOTE
General note Include index
650 ## - SUBJECT ADDED ENTRY--TOPICAL TERM
Topical term or geographic name as entry element Linear programming -- Study and teaching.
9 (RLIN) 158357
942 ## - ADDED ENTRY ELEMENTS (KOHA)
Source of classification or shelving scheme Dewey Decimal Classification
Koha item type Books
Holdings
Lost status Source of classification or shelving scheme Damaged status Not for loan Collection code Permanent Location Current Location Shelving location Date acquired Source of acquisition Cost, normal purchase price Total Checkouts Full call number Date last seen Date checked out Copy number Koha item type
  Dewey Decimal Classification     Non-fiction Central Library, University of Rajshahi Central Library, University of Rajshahi   05/05/2008 Dhaka paragon enterprises ltd. 295.00 1 519.72 MUO 2007 07/04/2019 10/07/2017 C-2 Books
  Dewey Decimal Classification   Not For Loan Non-fiction Central Library, University of Rajshahi Central Library, University of Rajshahi Reading Room 05/05/2008 Paragon Enterprise ltd., Dhaka 295.00   519.72 MUO 2007 12/04/2017   C-1 Books